Podnikové financie vo vede a praxi 2021 zborník vedeckých statí Katedry podnikových financií = Proceedings of Scientific Papers of Department of Corporate Finance
Salvato in:
| Ente Autore: | |
|---|---|
| Altri autori: | , , |
| Natura: | Libro |
| Lingua: | slovacco inglese tedesco |
| Pubblicazione: |
Bratislava
Vydavateľstvo EKONÓM
2021
|
| Edizione: | 1. vydanie |
| Soggetti: | |
| Tags: |
Nessun Tag, puoi essere il primo ad aggiungerne!!
|
MARC
| LEADER | 00000nam a2200000 4500 | ||
|---|---|---|---|
| 001 | 0280121 | ||
| 005 | 20240502074339.3 | ||
| 020 | |a 978-80-225-4869-4 | ||
| 041 | 0 | |a slo | |
| 041 | 0 | |a eng | |
| 041 | 0 | |a ger | |
| 044 | |a SK | ||
| 245 | 1 | 0 | |a Podnikové financie vo vede a praxi 2021 |b zborník vedeckých statí Katedry podnikových financií = Proceedings of Scientific Papers of Department of Corporate Finance |c Eduard Hyránek et al. ; zostavovateľ/Editor: Miroslav Kmeťko |
| 250 | |a 1. vydanie | ||
| 264 | 1 | |a Bratislava |b Vydavateľstvo EKONÓM |c 2021 | |
| 300 | |a 144 s. [9,93 AH] | ||
| 610 | 2 | 0 | |a financie podnikové |
| 610 | 2 | 0 | |a veda |
| 610 | 2 | 0 | |a prax odborná |
| 610 | 2 | 0 | |a výkonnosť podniku |
| 610 | 2 | 0 | |a služby finančné |
| 610 | 2 | 0 | |a nezamestnanosť |
| 610 | 2 | 0 | |a trh práce |
| 610 | 2 | 0 | |a podnik |
| 610 | 2 | 0 | |a dane |
| 700 | 1 | |a Kmeťko, Miroslav, 1969- | |
| 700 | 1 | |a Fetisovová, Elena | |
| 700 | 1 | |a Musa, Hussam | |
| 710 | 2 | |a Fakulta podnikového manažmentu EU. Katedra podnikových financií | |